00427nam a2200121Ia 45000010005000000080041000050820024000461000062000702450107001322600024002399010027002639990015002903594241024s9999 xx 000 0 und d aRD/624.1/D598i/2013 aDirección General de Ética e Integridad Gubernamental 0aInformación a solicitar a la encargada de la Unidad de Seguimiento a Obras en Ejecución del MINERD bSanto Domingoc2013 a9/1/2014 12:23:15 p.m. c8044d8044